1142 1405 1681 1770 1144 1045 1094 1700 1668 1384 1567 1983 1780 1022 1305 1026 1859 1450 1846 1965 1743 1306 1840 1487 1397 1418 1396 1785 1163 1722 1729 1917 1180 1128 1587 1015 1103 1166 1327 1450 1524 1689 1270 1095 1281 1903 1566 1599 1186 1772 1821 1102 1109 1868 1923 1161 1187 1366 1323 1891 1278 1616 1612 1590 1943 1571 1149 1689 1943 1695 1875 1312 1706 1519 1138 1635 1202 1261 1465 1612 1212 1171 1856 1620 1416 1665 1171 1352 1654 1908 1280 1209 1793 1295 1321 1666 1089 1897 1696 BCNSPRNW ULIB Ver.6.0+V

เปลี่ยนเป็นภาษาไทย

Change to English
 แสดงรายละเอียดบรรณานุกรม
  กลับหน้าหลัก

Brief Record : Get Marc (ISO 2709) : E-mail record : QR code < ปิดหน้าต่าง
LEADER : 00000nam 2200000uu 4500
001    13399113093
003     ULIB
008    110926s2543||||th 000 0 tha d
020    9742722145
050 04 PN4121^bท553พ 2543
100 0  ภูมิพลอดุลยเดช,^cพระบาทสมเด็จพระเจ้าอยู่หัว,^d2470-
245 10 พระมหาชนก ฉบับการ์ตูน = The Story of Mahajanaka cartoon version /^cพระราชนิพนธ์ พระบาทสมเด็จพระเจ้าอยู่หัวภูมิพลอดุลยเดชฯ
246 31 The Story of Mahajanaka cartoon version
250    พิมพ์ครั้งที่ 2
260    กรุงเทพฯ :^bอมรินทร์พริ้นติ้งแอนด์พับลิชชิ่ง,^c2543
300    (8), 119 หน้า :^bภาพประกอบ
630 07 ชาดก
650  7 นิทานคติธรรม
650  7 พระมหาชนก
650  7 การ์ตูน
945    ^p65^l0^i019211
995    ทศพร
999 ^a ทศพร
รายการนี้ยังไม่มีแท็ก
คุณยังไม่ได้ล็อกอิน คุณสามารถมีกิจกรรมร่วมกับเว็บไซต์ได้ แต่ต้องล็อกอินก่อน ::
  ล็อกอิน

รายการสื่อสารสนเทศ

ลำดับที่ ประเภท เลขเรียก/บาร์โค้ด สถานที่ สถานะ
- ไม่พบข้อมูล -

รายการใกล้เคียง
    หัวเรื่อง [นิทานคติธรรม]
    หัวเรื่อง [การ์ตูน]

BibComment


ยังไม่เคยถูกคอมเมนท์

คอมเมนท์ทรัพยากรรายการนี้
  คอมเมนท์: พระมหาชนก ฉบับการ..


 Copyright 2026. Bcnsprnw @Library